Der heilige Kreuweg

Bibliographic Details
Format: Book
Language:English
PhysicalDescription:39 s.
Published: Pressburg Karl Ungermayers [s. a.]

MARC

LEADER 00000nam a2200000 a 4500
001 vtls001524130
003 SK-MaSNL
005 20260224203919.0
008 160211 000 0 eng
040 |a SNK  |b slo  |c SNK  |e AACR2 
245 1 4 |a Der heilige Kreuweg 
260 |a Pressburg  |b Karl Ungermayers  |c [s. a.] 
300 |a 39 s. 
999 |c 1162980  |d 1164910 
952 |a SNK  |b SNK  |y VYP  |7 0  |p 17A0466592  |o snkSD 15848 D1  |i snkKSF 612/59  |3 Rekatalogizácia  |0 0  |1 0  |4 0  |d 2005-04-18  |l 0  |r 2026-02-24 20:39:19  |w 2026-02-24 
952 |a SNK  |b SNK  |y PREZ  |7 0  |p 17A0588370  |o snkSD 15848  |i snk6540/58  |3 rekatalogizácia  |0 0  |1 0  |4 0  |d 2008-05-29  |l 0  |r 2025-11-28 00:00:00  |w 2026-02-24